000
00295nam a22001337a 4500
008
170828b xxu||||| |||| 00| 0 eng d
020
_a
9780736772778
041
_a
eng
080
_a
070
100
_a
39
101
_a
MED
245
_a
WRIETRS FOR STRATEGIES
_c
BOVERS.R
942
_2
udc
_c
BK
999
_c
25154
_d
25154